Flora das cangas da Serra dos Carajás, Pará, Brasil: Malpighiaceae (Registro n. 332023)
[ somente texto ]
| 000 -LÍDER | |
|---|---|
| fixed length control field | 02305nab a2200265 i 4500 |
| 003 - CÓDIGO MARC DA AGÊNCIA CATALOGADORA | |
| Campo de controle | BR-BrBNA |
| 005 - DATA E HORA DA ÚLTIMA ATUALIZAÇÃO | |
| Campo de controle | 20250611133919.0 |
| 008 - CAMPO DE TAMANHO FIXO | |
| fixed length control field | 250611b2018 bl.qr|pooa||| 00| 0 por | |
| 040 ## - FONTE DA CATALOGAÇÃO | |
| Agência catalogadora | BR-BrBNA |
| Idioma da catalogação | por |
| 072 ## - CATEGORIA AGRIS | |
| Código AGRIS | F70 |
| 100 ## - ENTRADA PRINCIPAL - NOME PESSOAL | |
| Nome pessoal | Amorim, André M. |
| 100 ## - ENTRADA PRINCIPAL - NOME PESSOAL | |
| Nome pessoal | Vasconcelos, Liziane Vilela |
| 100 ## - ENTRADA PRINCIPAL - NOME PESSOAL | |
| Nome pessoal | Silva Júnior, Valdir S. |
| 245 ## - TÍTULO PRINCIPAL | |
| Título principal | Flora das cangas da Serra dos Carajás, Pará, Brasil: Malpighiaceae |
| 500 ## - NOTA GERAL | |
| Nota geral | Publicação on-line; 17 ref.; 4 illus.; Summaries (En, Pt) |
| 942 ## - ADDED ENTRY ELEMENTS (KOHA) | |
| Koha item type | Analítica |
| 520 ## - NOTA DE RESUMO | |
| Nota de conteúdo | <br/><br/>Resumo<br/><br/>Nesse trabalho apresentamos o tratamento florístico de Malpighiaceae para as cangas da Serra dos Carajás,<br/>incluindo comentários taxonômicos para todas as espécies, além de ilustrações e fotografias. Encontramos na<br/>área de estudo 14 espécies, pertencentes aos gêneros Banisteriopsis (3 spp.), Byrsonima (3 spp.), Coleostachys<br/>(1 sp.), Diplopterys (1 sp.), Heteropterys (3 spp.), Niedenzuella (1 sp.), Peixotoa (1 sp.) e Stigmaphyllon (1<br/>sp.). Heteropterys trigoniifolia, Niedenzuella acutifolia e Peixotoa reticulata são pela primeira vez registradas<br/>para o estado do Pará.<br/><br/>Palavras-chave: Amazônia, FLONA Carajás, Malpighiales, savana, taxonomia.<br/><br/><br/><br/>Abstract<br/><br/>In this work, we present the floristic treatment of the Malpighiaceae of the canga of the Serra dos Carajás,<br/>including taxonomic comments about all species, as well illustrations and photographs. In the study area 14<br/>species belonging to the genera Banisteriopsis (3 spp.), Byrsonima (3 spp.), Coleostachys (1 sp.), Diplopterys<br/>(1 sp.), Heteropterys (3 spp.), Niedenzuella (1 sp.), Peixotoa (1 sp.), and Stigmaphyllon (1 sp.) were recorded.<br/>Heteropterys trigoniifolia, Niedenzuella acutifolia and Peixotoa reticulata are recorded for the first time in<br/>the state of Pará.<br/><br/>Key words: Amazonia, FLONA Carajás, Malpighiales, savanna, taxonomy. |
| 650 ## - ASSUNTO - THESAGRO | |
| Cabeçalho tópico ou nome geográfico | AMAZÔNIA |
| 650 ## - ASSUNTO - THESAGRO | |
| Cabeçalho tópico ou nome geográfico | CARAJÁS |
| 650 ## - ASSUNTO - THESAGRO | |
| Cabeçalho tópico ou nome geográfico | CERRADO |
| 650 ## - ASSUNTO - THESAGRO | |
| Cabeçalho tópico ou nome geográfico | TAXONOMIA |
| 773 0# - ENTRADA ANALÍTICA | |
| Host Biblionumber | 709 |
| Registro do item | 350966 |
| Imprenta | Rio de Janeiro-RJ Jardim Botanico do Rio de Janeiro 1935 |
| Outro identificador | 2025-3590 |
| Título | Rodriguésia (Brazil) |
| ISSN | 0370-6583; 2175-7860 on-line |
| Colação | v. 69(3) p. 1221-1235; (2018) |
| Número de controle de registro | BR2025003138 |
| 856 ## - ACESSO E ENDEREÇO ELETRÔNICO | |
| Identificador uniforme de recurso - URI | https://www.scielo.br/j/rod/a/Pns9P3nrR5KZ84DSMLhNGCt/?format=pdf&lang=pt |
Nenhum exemplar disponível.

BINAGRI